MARC

Tag First Indicator Second Indicator Subfields
LEADER 00000cam a2200000 a 4500
001 in00002383113
005 20211129155750.0
008 080603s2007 dcu b f001 0 eng c
020 |a 9780160801327 
020 |a 016080132X 
035 |a (OCoLC)ocn191912844 
037 |a 552-070-36872-8  |b GPO 
040 |a GPO  |c GPO  |d GPO  |d MvI  |d UtOrBLW 
042 |a pcc 
043 |a n-us--- 
049 |a UDOC  |a WWW 
050 1 4 |a KF27  |b .S6 2007zo 
074 |a 1031-A 
074 |a 1031-A (online) 
074 |a 1031-B (MF) 
074 |a 1031-B (online) 
086 0 |a Y 4.SM 1:110-45 
088 |a Serial no. 110-45 (United States. Congress. House. Committee on Small Business) 
110 1 |a United States.  |b Congress.  |b House.  |b Committee on Small Business. 
245 1 0 |a Full committee hearing on the Small Business Administration's contracting programs /  |c Committee on Small Business, United States House of Representatives. 
246 3 0 |a Small Business Administration's contracting programs 
264 1 |a Washington :  |b U.S. G.P.O. :  |c 2007. 
264 2 |a Washington :  |b For sale by the Supt. of Docs., U.S. G.P.O., 
300 |a v, 94 pages ;  |c 24 cm. 
336 |a text  |b txt  |2 rdacontent 
337 |a unmediated  |b n  |2 rdamedia 
338 |a volume  |b nc  |2 rdacarrier 
500 |a "One Hundred Tenth Congress, first session, September 19, 2007." 
500 |a Serial number lacking on document. 
500 |a Distributed to some depository libraries in microfiche. 
500 |a Shipping List Date: 05/28/2008 
504 |a Includes bibliographical references. 
500 |a "Serial number 110-45"---GPO Access committee index. 
500 |a Shipping list number: 2008-0261-P. 
530 |a Also available via Internet from the GPO Access web site. Address as of 2/11/08: http://frwebgate.access.gpo.gov/cgi-bin/getdoc.cgi?dbname=110%5Fhouse%5Fhearings&docid=f:38203.pdf ; current access is available via PURL. 
650 0 |a Public contracts  |z United States. 
650 0 |a Letting of contracts  |x Government policy  |z United States. 
650 0 |a Federal aid to women-owned business enterprises  |z United States. 
650 0 |a Federal aid to small business  |z United States. 
650 0 |a Federal aid to minority business enterprises  |z United States. 
650 0 |a Veteran-owned business enterprises  |x Government policy  |z United States. 
856 4 1 |u https://purl.fdlp.gov/GPO/LPS90488  |t 0 
999 |a MARS 
999 f f |s 53325500-fc6c-3431-9c3d-570e41c82aa9  |i c79259fd-779d-3146-8871-372039bf1449  |t 0 
952 f f |a Texas A&M University  |b College Station  |c Electronic Resources  |d Available Online  |t 0  |e Y 4.SM 1:110-45  |h Superintendent of Documents classification 
998 f f |a Y 4.SM 1:110-45  |t 0  |l Available Online